000
00331nam a2200121Ia 4500
008
190723s9999 xx 000 0 und d
020
_a
978-81-207-8943-2
100
_a
P.D.Shenoy and T.Y.
245
0
_a
Banking Services and Customer Protection
260
_a
New Delhi
_b
Sterling Paperbacks
_c
2014
300
_a
512.:P
942
_c
BK
999
_c
1447
_d
1447